| 000 | 00624cam a2200241 a 4500 | ||
|---|---|---|---|
| 001 | 917020 | ||
| 005 | 20180116035054.0 | ||
| 008 | 821206s1983 enk b 001 0 eng | ||
| 010 | _a 82023505 | ||
| 020 | _a0521254442 | ||
| 020 | _a0521274559 (pbk.) | ||
| 040 |
_aDLC _cDLC _dDLC |
||
| 041 | _aeng | ||
| 043 | _ae-gr--- | ||
| 080 | _a182 | ||
| 082 | 0 | 0 |
_a182 KIR _219 |
| 100 | 1 | _a24 | |
| 101 | _aFIL | ||
| 245 | 1 | 4 | _aThe presocratic philosophers : |
| 504 | _aBibliography: p. 453-460. | ||
| 906 |
_a7 _bcbc _corignew _d1 _eocip _f19 _gy-gencatlg |
||
| 942 |
_2ddc _cBK |
||
| 999 |
_c40336 _d40336 |
||